Statistics for Caribbean : Islands With Busiest Airports Top 30

Click here to take the quiz!

General Stats

  • This quiz has been taken 77 times
  • The average score is 21 of 30

Answer Stats

RankPassengersAnswer% Correct
30280,000Cuba
98%
35,713,859Cuba
98%
181,275,000Cuba
98%
141,594,096Jamaica
95%
44,284,558Jamaica
95%
63,339,876Bahamas
93%
102,172,603Barbados
93%
53,537,306Dominican Republic
93%
22753,324Dominican Republic
93%
171,319,490Dominican Republic
93%
26,366,552Dominican Republic
93%
151,500,521Haiti
91%
24471,228Puerto Rico
87%
18,808,028Puerto Rico
87%
82,602,728Aruba
69%
20997,461Trinidad and Tobago
65%
72,884,843Trinidad and Tobago
65%
111,864,582Martinique
60%
25462,897Bonaire
49%
121,835,000Curacao
49%
92,361,198Guadeloupe
47%
191,035,826Cayman Islands
45%
23620,401Saint Lucia
45%
29300,259Saint Lucia
45%
26375,000USVI-Saint Croix
44%
161,403,000USVI-Saint Thomas
44%
21919,748Antigua and Barbuda
42%
27350,727Saint Kitts
35%
131,795,117Sint Maarten
33%
28310,089BVI-Tortola
13%

Score Distribution

Percentile by Number Answered

Percent of People with Each Score

Your Score History

You have not taken this quiz